Pays "étonnants" dans les Sports Collectifs - Statistiques

Statistiques générales
  • Ce quiz a été pris 100 fois
    40 depuis la dernière actualisation
  • Le résultat moyen est 7 sur 16
Statistiques - réponses
Réponse % Correct
Indonésie
81%
Koweït
75%
Pakistan
67%
Corée du Nord
64%
Ecosse
64%
Porto Rico
61%
Zimbabwe
58%
Albanie
56%
Chili
47%
Trinité-et-Tobago
44%
Luxembourg
42%
Groenland
39%
Soudan du Sud
19%
Malaisie
8%
Mongolie
8%
République Centrafricaine
8%
Aucun quiz correspondant
Distribution des résultats
% des personnes avec chaque résultat
Percentile par nombre de réponses
Votre historique - résultats
Vous n’avez pas pris ce quiz depuis la dernière actualisation